000 00604nam a2200241Ia 4500
003 OSt
005 20220918205509.0
006 a|||||r|||| 00| 0
007 ta
008 220917b |||||||| |||| 00| 0 eng d
024 _a116,799
037 _cTextual
040 _aARTS
_cARTS
_beng
041 _2eng
_aeng
082 _aV663:1:N5, K5-;2
100 _aBarbour Nevill
245 0 _aMorocco
260 _aLondon
_bThaems and Hudson
_c1965
300 _a239p.
_ccm.
650 _aHISTORY
942 _hV663:1:N5, K5-;2
_cTEXL
_2CC
999 _c240119
_d240119